Gua̕ de las declaraciones informativas 2012 y 2013

Bibliographic Details
Main Author: Bornacini Hervella, Honor ̌A
Other Authors: Romero Said, Vicente
Format: eBook
Language:Spanish
Published: Mx̌ico D.F. : Mx̌ico Fiscal, 2013
Subjects:
Online Access:http://www.vlex.com/source/11346

MARC

LEADER 00000nam a22000007a 4500
005 20130614132424.0
007 cr|||| ||||
008 130614e2013 mx |||||s|||| 00||0 spa d
035 |a 11346 
040 |a vLex 
090 |c 4364  |d 4364 
100 1 0 |a Bornacini Hervella, Honor ̌A. 
245 1 0 |a Gua̕ de las declaraciones informativas 2012 y 2013  |c / Honor ̌A. Bornacini Hervella, Vicente Romero Said   |h [Recurso electrn̤ico] 
256 |a Servicio en ln̕ea 
260 |a Mx̌ico D.F. :  |b Mx̌ico Fiscal,  |c 2013 
300 |a 1 Recurso electrn̤ico 
506 |a Contenido solo disponible en los productos indicados  |d vLex Global   |d vLex Global (Academic Edition, excluding Law Schools)  |d vLex Global (U.S. Academic Edition, Law Schools)  |d vLex Global (U.S. Academic Edition, excluding Law Schools)  |d vLex Global (Academic Edition, Law Schools) 
650 4 |a Derecho tributario  |z Mx̌ico 
650 4 |a Salarios  |z Mx̌ico 
700 1 0 |a Romero Said, Vicente 
740 |a vLex Libros (Servicio en ln̕ea) 
856 |a Acceso restringido  |u http://www.vlex.com/source/11346 
942 |c BOOK 
999 0 |a Taxation